Bác Hồ với đồng bào các dân tộc

Tập hợp một số bài nói, bài viết của Bác Hồ về đồng bào các dân tộc và những hồi ức, kỉ niệm của đồng bào viết về Bác, thể hiện tình cảm kính yêu, tin tưởng vào Đảng, Bác Hồ

Đã lưu trong:
Chi tiết về thư mục
Tác giả khác: Hồ Chí Minh, Hoàng Đình Lành, Khánh Kiểm, Thuý Bách, Nguyễn Thị Khương
Định dạng: Sách
Ngôn ngữ:Vietnamese
Được phát hành: H. Thông tấn 2006
Những chủ đề:
Các nhãn: Thêm thẻ
Không có thẻ, Là người đầu tiên thẻ bản ghi này!
Thư viện lưu trữ: Mạng thư viện Đại học Đà Nẵng
LEADER 01739aam a22004338a 4500
001 000007510
003 3672
005 20111005091021.0
008 111005s2006 viesd
020 |c 25000đ  |d 1000b 
041 |a vie 
082 1 4 |2 14  |a 895.92208  |b Bac 
084 |a A37  |b B101H 
084 |a V6(1)7-49 
245 |a Bác Hồ với đồng bào các dân tộc  |c Hồ Chí Minh, Nguyễn Thị Khương, Thuý Bách... ; B.s.: Phòng biên tập, Vũ Thắng 
260 |a H.  |b Thông tấn  |c 2006 
300 |a 235 tr.  |c 21cm. 
520 |a Tập hợp một số bài nói, bài viết của Bác Hồ về đồng bào các dân tộc và những hồi ức, kỉ niệm của đồng bào viết về Bác, thể hiện tình cảm kính yêu, tin tưởng vào Đảng, Bác Hồ 
600 7 |2 Bộ TK TVQG  |a Hồ Chí Minh  |c Chính trị gia  |y 1890-1969  |z Việt Nam 
650 7 |2 Bộ TK TVQG  |a Văn học hiện đại 
651 7 |2 Bộ TK TVQG  |a Việt Nam 
655 7 |2 Bộ TK TVQG  |a Bài viết 
655 7 |2 Bộ TK TVQG  |a Hồi ức 
700 1 |a Hồ Chí Minh 
700 1 |a Hoàng Đình Lành 
700 0 |a Khánh Kiểm 
700 0 |a Thuý Bách 
700 1 |a Nguyễn Thị Khương 
910 |a Huỳnh Thị Cẩm Lai  |d 05/10/2011 
OWN |a LSP 
AVA |a UDN50  |b LSP  |d 895.92208 Bac  |e available  |t Error 5001 Not defined in file expand_doc_bib_avail.  |f 4  |g 0  |h N  |i 0  |k 1 
999 |a From the UDN01 
AVA |a UDN50  |b LSP  |d 895.92208 Bac  |e available  |t Error 5001 Not defined in file expand_doc_bib_avail.  |f 4  |g 0  |h N  |i 0  |k 1 
TYP |a Monograph 
TYP |a Printed language 
980 |a Mạng thư viện Đại học Đà Nẵng